000 00954cab a2200241 4500
001 WB3344-42
008 090401t1997 xxu||||| |||| 00| 0 eng d
035 _a(Sirsi) u82023
041 _aeng
245 _aDemolition
260 _c1997
350 _a0
490 _aEstates Gazette Case Summaries
_v[1997] EGCS 147 (8/11/1997)
520 _a"R v Chiltern DC, ex parte Dyason" QBD 27 October 1997. D`s building in breach of planning control. C issued enforcement notice and application for planning permission refused. D sought leave to appeal to CA. C decided to take direct action to demolish building. D sought judicial review of decision to take direct action. Application refused.
650 _aDEMOLITION
650 _aENFORCEMENT NOTICE
650 _aPLANNING CONTROL
650 _aPLANNING PERMISSION
650 _aR V CHILTERN DC EX P DYASON
690 _aPLANNING LAW AND PRACTICE-CASE LAW
942 _n0
948 _c12/11/1997
999 _c51722
_d51722